header

The Littles and the big storm (Record no. 264187)

MARC details
000 -LEADER
fixed length control field 00485nam a22001697a 4500
003 - CONTROL NUMBER IDENTIFIER
control field OSt
005 - DATE AND TIME OF LATEST TRANSACTION
control field 20240805114721.0
008 - FIXED-LENGTH DATA ELEMENTS--GENERAL INFORMATION
fixed length control field 240805b xxu||||| |||| 00| 0 eng d
020 ## - INTERNATIONAL STANDARD BOOK NUMBER
International Standard Book Number 0590422766
040 ## - CATALOGING SOURCE
Transcribing agency DLC
050 ## - LIBRARY OF CONGRESS CALL NUMBER
Classification number PZ7
Item number .P4847 1979
100 ## - MAIN ENTRY--PERSONAL NAME
Personal name Peterson, John
245 ## - TITLE STATEMENT
Title The Littles and the big storm
Statement of responsibility, etc by John Peterson ; illustrated by Scholastic Inc.
260 ## - PUBLICATION, DISTRIBUTION, ETC. (IMPRINT)
Place of publication, distribution, etc New York, USA
Name of publisher, distributor, etc Scholastic Inc.
Date of publication, distribution, etc 1979
300 ## - PHYSICAL DESCRIPTION
Extent 80p
Other physical details col. ill. ;
Dimensions 21 cm.
942 ## - ADDED ENTRY ELEMENTS (KOHA)
Source of classification or shelving scheme Library of Congress Classification
Koha item type Long Loan Books
Holdings
Withdrawn status Lost status Source of classification or shelving scheme Damaged status Not for loan Collection code Home library Current library Shelving location Date acquired Total Checkouts Full call number Barcode Date last seen Price effective from Koha item type
    Library of Congress Classification     Fiction Rongo University Library Rongo University Library Children's Area 05/08/2024   PZ7 .P4847 1979 CL20243590 05/08/2024 05/08/2024 Long Loan Books

© 2026 Rongo University
Contact us: librarian | system librarian | Rongo university